प्रबंधकीय निर्णयों हेतु लेखांकन / (Record no. 120745)

MARC details
000 -LEADER
fixed length control field 01243nam a22002657a 4500
005 - DATE AND TIME OF LATEST TRANSACTION
control field 20170124103202.0
010 ## - LIBRARY OF CONGRESS CONTROL NUMBER
LC control number B-135925
020 ## - INTERNATIONAL STANDARD BOOK NUMBER
Terms of availability 200.00
035 ## - SYSTEM CONTROL NUMBER
System control number B-135925
037 ## - SOURCE OF ACQUISITION
Source of stock number/acquisition Cen Lib/Ret
040 ## - CATALOGING SOURCE
Original cataloging agency DPL
Language of cataloging HN
082 ## - DEWEY DECIMAL CLASSIFICATION NUMBER
Classification number 657.834
Item number अग्रवा
100 ## - MAIN ENTRY--PERSONAL NAME
Personal name अग्रवाल, एम.डी.
9 (RLIN) 92382
245 ## - TITLE STATEMENT
Title प्रबंधकीय निर्णयों हेतु लेखांकन /
Statement of responsibility, etc एम.डी. अग्रवाल [एवं] एन.पी. अग्रवाल
246 ## - VARYING FORM OF TITLE
Title proper/short title Prabandhkiya ninayon hetu lekhankan /
Remainder of title by M.D. Agrval [evam] N.P. Agrval
260 ## - PUBLICATION, DISTRIBUTION, ETC. (IMPRINT)
Place of publication, distribution, etc दिल्ली
Name of publisher, distributor, etc श्री महावीर बोक डिपो
270 ## - ADDRESS
City दिल्ली
Address 2603, नयी सड़क
Postal code 110006
300 ## - PHYSICAL DESCRIPTION
Extent 500पृ.
Dimensions 22सेमी(सजिल्द )
650 ## - SUBJECT ADDED ENTRY--TOPICAL TERM
Topical term or geographic name as entry element प्रबंधकीय निर्णय
General subdivision
Geographic subdivision
9 (RLIN) 92383
650 ## - SUBJECT ADDED ENTRY--TOPICAL TERM
Topical term or geographic name as entry element प्रबंधकीय निर्णय -- लेखांकन
9 (RLIN) 2696
650 ## - SUBJECT ADDED ENTRY--TOPICAL TERM
Topical term or geographic name as entry element Managerial Decision
9 (RLIN) 92384
650 ## - SUBJECT ADDED ENTRY--TOPICAL TERM
Topical term or geographic name as entry element Managerial decisions - accounting
9 (RLIN) 92385
700 ## - ADDED ENTRY--PERSONAL NAME
Personal name अग्रवाल, एन.पी.
9 (RLIN) 92386
942 ## - ADDED ENTRY ELEMENTS (KOHA)
Source of classification or shelving scheme Dewey Decimal Classification
Koha item type Hindi Books
Classification part 657.834
Call number suffix अग्रवा
Holdings
Withdrawn status Lost status Damaged status Not for loan Home library Current library Date acquired Source of acquisition Cost, normal purchase price Total Checkouts Full call number Barcode Date last seen Copy number Cost, replacement price Price effective from Koha item type
        Central Library Central Library 28/09/2015 Cen Lib/Ref 200.00   657.834 अग्रवा B-135925 28/09/2015 1 200.00 28/09/2015 Hindi Books

© Delhi Public Library
Hit Counter
free hit counter